Statistics for Cities by Founding Story

Click here to take the quiz!

General Stats

  • This quiz has been taken 26,632 times
  • The average score is 13 of 20

Answer Stats

DateStoryCity% Correct
753 BCAfter killing his brother Remus, Romulus founds a city on the Palatine HillRome
99%
?Poseidon and Athena vie to become the patron god of a new city.
Athena wins by giving the city an olive tree.
Athens
98%
c. 600 BCGreek colonists found a city on the Italian peninsula, calling it
Neápolis, or "new city"
Naples
90%
1626
Dutch settlers purchase an island from Native Americans for 60 guilders
worth of goods (about $900 today)
New York City
86%
331 BCPassing through Egypt, a Greek conqueror founds one of many
cities that bear his name
Alexandria
83%
1873Formed by the merger of Pest, Buda, and ÓbudaBudapest
81%
1703Peter the Great founds a new capital on the Baltic SeaSaint Petersburg
80%
1652Dutch spice traders establish a way-station on the southern tip of AfricaCape Town
78%
1521Hernán Cortés founds a new city atop the existing city of TenochtitlanMexico City
77%
667 BCFulfilling a prophecy of the oracle at Delphi, Byzas founds a Greek
colony on the Golden Horn
Istanbul
71%
762Al-Mansur founds a capital city for the Abbasid Caliphate on the Tigris RiverBaghdad
67%
1886Named in honor of a British sea captain after the site was chosen as
the terminus of the Canadian Pacific Railway
Vancouver
64%
1847Arriving near a lake, Brigham Young says "this is the right place"Salt Lake City
62%
421Refugees from nearby cities such as Padua and Treviso flee barbarian
invasions, finding safety in a lagoon
Venice
57%
c. 60 ADRoman settlers build a spa complex which they name "Aquae Sulis"
in honor of a local goddess
Bath
56%
1847Built on the site of a railroad crossing connecting Savannah and ChattanoogaAtlanta
46%
?Sailing through the Pillars of Hercules, Ulysses founds this city on the
Western edge of the known world
Lisbon
41%
1819Stamford Raffles establishes a British trading post after reaching an
agreement with the Sultan of Johor
Singapore
39%
814 BCQueen Dido asks Berbers for refuge. They grant her as much land as can
be encircled by an oxhide cut into strips.
Carthage
36%
1122 BCFounded by the legendary god-king DangunPyongyang
13%

Score Distribution

Percentile by Number Answered

Percent of People with Each Score

Your Score History

You have not taken this quiz